书目信息 |
| 题名: |
中国大律师
|
|
| 作者: | 孙国栋 主编 | |
| 分册: | ||
| 出版信息: | 北京 西苑出版社 2000.06 |
|
| 页数: | 363页 | |
| 开本: | 32开 | |
| 丛书名: | ||
| 单 册: | ||
| 中图分类: | I25 | |
| 科图分类: | ||
| 主题词: | 报告文学--中国 , 传记文学--中国 | |
| 电子资源: | ||
| ISBN: | 7-80108-457-8 | |
| 000 | 00566nam0 2200205 45 | |
| 001 | 0011021825 | |
| 005 | 20001203151451.4 | |
| 010 | @a7-80108-457-8@d28.00元 | |
| 100 | @a20001102d2000 km y0chiy0120 ea | |
| 101 | 0 | @achi |
| 105 | @a z 000yy | |
| 200 | 1 | @a中国大律师@AZhong Guo Da Lu Shi@f孙国栋主编@FSun Guo Dong Zhu Bian |
| 210 | @a北京@c西苑出版社@d2000.06 | |
| 215 | @a363页@d32开 | |
| 606 | 0 | @a报告文学@x中国 |
| 606 | 0 | @a传记文学@x中国 |
| 690 | @aI25@v3 | |
| 701 | 0 | @a孙国栋@4主编 |
| 801 | @aCN@bPftUser@c20001102 | |
| 905 | @dI25@eS189@b511649-651@f3 | |
| 中国大律师/孙国栋主编.-北京:西苑出版社,2000.06 |
| 363页;32开 |
| ISBN 7-80108-457-8:28.00元 |
| ● |
| 相关链接 |
|
|
|
正题名:中国大律师
索取号:I25/S189
 
预约/预借
| 序号 | 登录号 | 条形码 | 馆藏地/架位号 | 状态 | 备注 |
| 1 | 511649 | 205116499 | 社科二线400B/400B社科库 23排4列4层/ [索取号:I25/S189] | 在馆 | |
| 2 | 511650 | 205116505 | 社科二线400B/400B社科库 23排4列4层/ [索取号:I25/S189] | 在馆 | |
| 3 | 511651 | 205116514 | 社科二线400B/400B社科库 23排4列4层/ [索取号:I25/S189] | 在馆 |